| 000 | 00804 a2200289 4500 | ||
|---|---|---|---|
| 999 |
_c200001922 _d30450 |
||
| 001 | 200001922 | ||
| 003 | TR-AnTOB | ||
| 005 | 20230823112133.0 | ||
| 008 | 160506c20069999gw n0p 0 0 d | ||
| 022 | 0 | _a04357124 | |
| 040 |
_aTR-AnTOB _cTR-AnTOB |
||
| 041 | 0 | _ager | |
| 050 | _aK | ||
| 099 | _aJOURNAL - ENTS | ||
| 222 | 0 | _aEntscheidungen des bundesgerichtshofes | |
| 245 | 0 | 0 | _aEntscheidungen des bundesgerichtshofes |
| 260 |
_aKöln: _bCarl Heymanns Verlag, _c2006. |
||
| 300 |
_av. : _c22 cm. |
||
| 310 | _adüzensiz | ||
| 336 |
_2rdacontent _atext _btxt |
||
| 337 |
_2rdamedia _aunmediated _bn |
||
| 338 |
_2rdacarrier _avolume _bnc |
||
| 650 | 0 |
_aLaw reports, digests, etc. _zGermany _970468 |
|
| 650 | 0 |
_aLaw reports, digests, etc. _zGermany _vCases _970467 |
|
| 942 |
_cCR _2z |
||